MARC

LEADER 00000nam0a2200000 4500
001 16445
005 20251118163405.0
035 |a (RuTPU)RU\TPU\book\16569 
035 |a BOOK00001257 
090 |a 16445 
100 |a 20011209d1984 k y0rusy50 ca 
101 0 |a rus 
102 |a RU 
105 |a y z 000zy 
200 1 |a Крестьяне Русского Севера в XVII веке  |f А. И. Копанев 
210 |a Ленинград  |c Наука  |d 1984 
215 |a 243 с. 
606 |a Крестьянство в России  |x История  |z 17 в.  |9 81748 
610 1 |a Россия 
610 1 |a 17 век 
610 1 |a Север России 
610 1 |a крестьяне 
610 1 |a землевладение 
610 1 |a деревня 
610 1 |a крепостные крестьяне 
610 1 |a промыслы 
610 1 |a волость 
610 1 |a социальное расслоение 
686 |a Т3(2)45  |2 rubbk 
700 1 |a Копанев  |b А. И.  |g Александр Ильич 
801 0 |a RU  |b 63413507  |c 20011209  |g PSBO 
801 2 |a RU  |b 63413507  |c 20150429  |g PSBO 
942 |c BK